000 00315 a2200145 4500
001 172011
020 _a
040 _cMagnum
100 _aPotyguar, Carlos Magno
240 1 0 _aOs misterios de clara venus
_lpor
245 1 0 _aOs misterios de clara venus
362 0 _a1899
697 _aJ/ROMANCE
942 _cBK
999 _c172011
_d172011